Highest Grossing Movies of 2012 - Statistics

General Stats
  • This quiz has been taken 49 times
  • The average score is 9 of 65
Answer Stats
Rank Gross Movie Company % Correct
3 $1,084,900,000 The Dark Knight Rises Warner Bros. – DC Comics
87%
7 $757,900,000 The Amazing Spider-Man Sony – Marvel Studios
73%
1 $1,518,800,000 Marvel's The Avengers Disney – Marvel Studios
67%
16 $425,400,000 Django Unchained Columbia – The Weinstein Company
47%
2 $1,108,600,000 Skyfall Metro-Goldwyn-Mayer – Sony
47%
21 $348,800,000 Dr. Seuss' The Lorax Universal Pictures – Illumination
40%
5 $877,200,000 Ice Age: Continental Drift 20th Century Fox – Blue Sky Studios
40%
24 $306,900,000 Rise of the Guardians Paramount Pictures – DreamWorks
33%
9 $694,400,000 The Hunger Games Lionsgate
33%
6 $829,700,000 The Twilight Saga: Breaking Dawn – Part 2 Lionsgate
33%
13 $540,400,000 Brave Disney – Pixar
27%
4 $1,021,100,000 The Hobbit: An Unexpected Journey Warner Bros. – New Line Cinema
27%
34 $232,300,000 Argo Warner Bros. Pictures
20%
8 $746,900,000 Madagascar 3: Europe's Most Wanted Paramount Pictures
20%
10 $624,000,000 Men in Black 3 Columbia Pictures
20%
31 $240,200,000 Resident Evil: Retribution Screen Gems
20%
32 $236,400,000 Silver Linings Playbook The Weinstein Company
20%
12 $549,400,000 Ted Universal Pictures
20%
23 $315,000,000 The Expendables 2 Lionsgate
20%
57 $123,000,000 The Pirates! In an Adventure with Scientists! Columbia – Sony Pictures
20%
15 $441,800,000 Les Misérables Universal Pictures
13%
44 $167,200,000 Magic Mike Warner Bros. Pictures
13%
62 $107,100,000 ParaNorman Focus Features
13%
17 $403,400,000 Prometheus 20th Century Fox
13%
37 $201,500,000 21 Jump Street Columbia – Metro-Goldwyn-Mayer
7%
59 $116,400,000 Abraham Lincoln: Vampire Hunter 20th Century Fox
7%
26 $303,000,000 Battleship Universal Pictures – Hasbro
7%
54 $130,500,000 Cloud Atlas Warner Bros. Pictures
7%
30 $245,500,000 Dark Shadows Warner Bros. Pictures
7%
20 $358,400,000 Hotel Transylvania Columbia – Sony Pictures
7%
11 $609,000,000 Life of Pi 20th Century Fox
7%
29 $275,300,000 Lincoln Touchstone – DreamWorks – 20th Century Fox
7%
49 $142,800,000 Paranormal Activity 4 Paramount Pictures
7%
60 $115,400,000 Pitch Perfect Universal Pictures
7%
64 $102,700,000 Project X Warner Bros. Pictures
7%
28 $276,100,000 The Bourne Legacy Universal Pictures
7%
65 $101,800,000 The Devil Inside Paramount Pictures
7%
41 $180,300,000 The Impossible Summit Entertainment
7%
55 $127,000,000 The Woman in Black CBS Films
7%
38 $198,500,000 Total Recall Columbia Pictures
7%
14 $471,200,000 Wreck-It Ralph Walt Disney Pictures
7%
52 $132,800,000 Zero Dark Thirty Columbia Pictures
7%
33 $235,000,000 American Reunion Universal Pictures
0%
56 $126,600,000 Chronicle 20th Century Fox
0%
45 $161,800,000 Flight Paramount Pictures
0%
53 $132,600,000 Ghost Rider: Spirit of Vengeance Columbia Pictures – Marvel Studios
0%
61 $114,300,000 Hope Springs Columbia Pictures
0%
35 $218,300,000 Jack Reacher Paramount Pictures
0%
27 $284,100,000 John Carter Walt Disney Pictures
0%
22 $335,300,000 Journey 2: The Mysterious Island Warner Bros. – New Line Cinema
0%
43 $176,500,000 Looper TriStar Pictures
0%
40 $183,000,000 Mirror Mirror Relativity Media
0%
58 $119,800,000 Parental Guidance 20th Century Fox
0%
36 $208,100,000 Safe House Universal Pictures
0%
18 $396,600,000 Snow White and the Huntsman Universal Pictures
0%
50 $140,500,000 Step Up Revolution Summit Entertainment
0%
19 $376,100,000 Taken 2 20th Century Fox
0%
51 $136,800,000 The Best Exotic Marigold Hotel Fox Searchlight Pictures
0%
63 $104,900,000 The Campaign Warner Bros. Pictures
0%
42 $179,400,000 The Dictator Paramount Pictures
0%
48 $145,600,000 The Secret World of Arrietty Disney – Studio Ghibli
0%
39 $196,100,000 The Vow Screen Gems
0%
47 $156,500,000 This Means War 20th Century Fox
0%
46 $160,100,000 Underworld: Awakening Screen Gems
0%
25 $305,300,000 Wrath of the Titans Warner Bros. Pictures
0%
No matching quizzes found
Score Distribution
Percent of People with Each Score
Percentile by Number Answered
Your Score History
You have not taken this quiz